000 00351nam a2200133Ia 4500
005 20260326235447.0
008 260326s9999||||xx |||||||||||||| ||und||
100 _aGasparini, Graziano
245 0 _aTemplos Coloniales de Venezuela /
_cGraziano Gasparini
260 _bEdiciones "A"
300 _a495 p.
650 _aARQUITECTURA COLONIAL
942 _cBK
999 _c7608
_d7608